000 00476nam a2200193Ia 4500
008 170918s9999 xx 000 0 und d
020 _a590406116
050 _bS751 1940
100 _aSperry, Armstrong
245 _aCall it courage /
245 _cArmstrong Sperry ; illustrations by Dom Lupo.
260 _aNew York :
260 _bScholastic,
260 _c1940
300 _a92 pages :
300 _bcolored illustration ;
300 _c17cm.
500 _a830
999 _c342117
_d342117